00898 2200301 4500001002100000005001500021035002000036007000300056008004100059020002200100082001700122084001900139100003100158245007400189250003200263300002800295650003200323700002500355264004200380336002100422337003000443338002300473040002200496090002200518850001200540999002200552990002200574INLIS00000000088872220240712105239 a0010-0724000621ta240712s2024 yoi g p ind d a978-623-185-365-304223a899.2211 a899.2211 YUY s0 aYuyun YuningsihePengarang10aSenandung hati yang tertuang /cYuyun Yuningsih; penyunting, Daryanto aCetakan pertama: Maret 2024 avi, 52 halaman ;c20 cm 4aPuisi Indonesia--xKumpulan0 aDaryantoePenyunting31aYogyakarta :bPustaka Egaliter,c2024 2rdacontentateks 2rdamediaatanpa perantara 2rdacarrieravolume aYOPDYOGbinderda aCB-D.11 2024-1814 aYOPDYOG aCB-D.11/2024-1814 aCB-D.11/2024-1814